Nobody's perfect (Hannah Montana) - lyrics - Statistics

General Stats
  • This quiz has been taken 36 times
  • The average score is 297 of 391
Answer Stats
Answer % Correct
a
97%
and
97%
And
97%
I
97%
It
97%
it
97%
get
93%
Get
93%
No
93%
no
93%
so
93%
make
90%
perfect
90%
right
90%
Again
86%
again
86%
I'm
86%
know
86%
me
86%
Sometimes
86%
sometimes
86%
way
86%
work
86%
You
86%
you
86%
days
83%
do
83%
has
83%
Nobody's
83%
on
83%
til
83%
to
83%
up
83%
be
79%
Everybody
79%
everybody
79%
in
79%
live
79%
makes
79%
mistakes
79%
the
79%
those
79%
crazy
76%
gotta
76%
learn
76%
what,
76%
what
76%
anyway
72%
bout
72%
knows
72%
mess
72%
might
72%
plan
72%
talking
72%
that
72%
If
69%
if
69%
just
69%
One
69%
one
69%
out
69%
can
66%
four
66%
my
66%
then
66%
Then
66%
three
66%
two
66%
Yeah
66%
yeah
66%
for
62%
gets
62%
not
62%
sure
62%
jam
59%
time
59%
try
59%
But
55%
doing
55%
seem
55%
well
55%
Why
55%
end
52%
figure
52%
Figure
52%
I'll
52%
involved
52%
misunderstood
52%
myself
52%
things
52%
cant
48%
find
48%
hard
48%
too
48%
turn
48%
When
48%
crash
45%
cure
45%
delicate
45%
good
45%
into
45%
mix
45%
Once
45%
solved
45%
always
41%
are
41%
fall
41%
feel
41%
intentions
41%
It's
41%
of
41%
planned
41%
problem
41%
scheme
41%
win
41%
apart
38%
dont
38%
Dont
38%
down,
38%
flips
38%
how
38%
Doesn't
34%
quicksand
34%
stuck
34%
Cause
31%
overflows
31%
patching
31%
something
31%
they
31%
else
28%
fix
28%
holes
28%
stay
28%
like
24%
Next
17%
No matching quizzes found
Score Distribution
Percent of People with Each Score
Percentile by Number Answered
Your Score History
You have not taken this quiz